Alphabet Homonyms Quiz Stats

Quiz Updated Jan 19, 2012

Challenge
Share
Tweet
Embed
Score 0/32 Timer 03:00
2 Plays Today
Clue Homophone % Correct
To existBE
96.2%
'We ___ the Champions'ARE
93.7%
To visualizeSEE
92.9%
Slang for urinePEE
92.6%
Home to the retinaEYE
90.5%
Vegetable in a podPEA
89.6%
Black or Caspian, e.g.SEA
89.3%
A stinging insectBEE
88.6%
Golfing needTEE
87.9%
Chamomile, e.g.TEA
85.3%
Former spouseEX
84.8%
A pool stickCUE
83.3%
A yes voteAYE
78.3%
A female sheepEWE
77.1%
Second person pronounYOU
76.2%
A Chicago trainEL
74.1%
Clue Homophone % Correct
Interjection of surpriseOH
70.9%
Be in debtOWE
69.6%
Aunt of Dorothy GaleEM
64.5%
To line up, in BritainQUEUE
63.1%
A Canadian interjectionEH
61.1%
Actress ArthurBEA
58%
An interrogative wordWHY
57.7%
A fashion magazineELLE
49.6%
7th note on the solf├Ęge scaleTI
45.1%
Hudson River's Tappan ___ BridgeZEE
44.8%
When doubled, a Myers or a RamoneDEE
44.6%
A crested birdJAY
40.2%
Turn to the rightGEE
39.2%
Comedic singer/actor Danny of 40's and 50'sKAYE
29.1%
An evergreen treeYEW
22.6%
Dead 'Pulp Fiction' characterZED
13.9%

You're not logged in!

Compare scores with friends on all Sporcle quizzes.
Sign Up with Email
OR
Log In

You Might Also Like...

Show Comments

Extras

Top Quizzes Today


Score Distribution

Your Account Isn't Verified!

In order to create a playlist on Sporcle, you need to verify the email address you used during registration. Go to your Sporcle Settings to finish the process.